000 01614cam a2200217 4500500
005 20260405003831.0
041 _afre
042 _adc
100 1 0 _aLe Picard, Hugo
_eauthor
245 0 0 _aRévolution numérique, chambardement économique
260 _c2026.
500 _a96
520 _aLa révolution numérique bouleverse l’économie, dans la mesure où ses effets s’étendent bien au-delà du secteur numérique lui-même. En effet, elle transforme la manière même dont on conçoit la création de valeur. L’Intelligence artificielle constitue une nouvelle étape qui nécessite des capacités d’investissement colossales dans des infrastructures physiques comme les data centers. L’Europe n’a pas su saisir à temps l’ampleur de ces changements, mais elle dispose tout de même de certains atouts.politique étrangère
520 _aThe digital revolution is profoundly shaking up the economy, with the impact felt well beyond the digital sector itself. Indeed, it is transforming the very concept of value creation. Artificial intelligence represents a new phase that requires a colossal investment in physical infrastructure like data centers. Europe failed to grasp the scale of these changes in time, but it does have certain advantages.
690 _aÉconomie de la donnée
690 _aÉconomie numérique
690 _aGAFAM
690 _aIntelligence artificielle
786 0 _nPolitique étrangère | Pritemps | 1 | 2026-03-05 | p. 45-58 | 0032-342X
856 4 1 _uhttps://shs.cairn.info/revue-politique-etrangere-2026-1-page-45?lang=fr&redirect-ssocas=7080
999 _c2071285
_d2071286